000 00310nam a22001337a 4500
008 170209b xxu||||| |||| 00| 0 eng d
020 _a9781416001010
041 _aeng
080 _227ED
_a61
100 _a4
101 _aSHM
245 _aDORLANDS POCKET MEDICAL DICTIONARY
_cNOVAK PATRICIA
942 _2udc
_cBK
999 _c5047
_d5047